000 01211nam0a22002651 4500
001 rc\4222907
005 20130416110038.5
021 _aRU
_b[59-34799]
035 _a(NLR Aleph) 008459968
090 _a7863071
_c7863071
100 _a20130416d1959 |||y0rusy50 ca
101 0 _arus
102 _aRU
105 _aa z |||||
200 1 _aКонспект лекций по курсу "Гидротехнические сооружения гидроэлектростанций"
_eДеривационные каналы гидроэлектростанций
_fМ-во высш. образования СССР. Моск. ордена Ленина энерг. ин-т. Кафедра гидротехн. сооружений ГЭС
210 _aМосква
_cБ. и.
_d1959
215 _a81 с.
_cчерт.
_d20
606 _aГидроэлектрические станции
_xДеривационные каналы
_2psbo
700 1 _aАйвазьян
_bВ. Г.
_gВартан Георгиевич
701 1 _aМасленников
_bС. К.
_gСергей Кондратьевич
801 0 _aRU
_bNLR
_gpsbo
801 1 _aRU
_bELAR
_2rusmarc
852 _aNLR
_j59-4/10198
942 _cBOOK
980 _aNB